000 00512nam a2200169Ia 4500
008 090711s9999 xx 000 0 und d
082 _b77943
100 _aवडनेरकर अलका
245 _aसुंदर मी होणार
260 _c1995
300 _a108
600 _aवडनेरकर अलका
630 _aसुंदर मी होणार
700 _aवडनेरकर अलका
730 _aसुंदर मी होणार
942 _cBOOK
999 _c315630
_d315630